|
|
|
|
| LEADER |
00000caa a22000002c 4500 |
| 001 |
1812288506 |
| 003 |
DE-627 |
| 005 |
20240321092624.0 |
| 007 |
cr uuu---uuuuu |
| 008 |
220730s1961 xx |||||oo 00| ||eng c |
| 035 |
|
|
|a (DE-627)1812288506
|
| 035 |
|
|
|a (DE-599)KXP1812288506
|
| 040 |
|
|
|a DE-627
|b ger
|c DE-627
|e rda
|
| 041 |
|
|
|a eng
|
| 084 |
|
|
|a 1
|2 ssgn
|
| 100 |
1 |
|
|a Whealon, John F.
|e VerfasserIn
|4 aut
|
| 245 |
1 |
0 |
|a [Rezension von: Sutcliffe, Edmund F., The Monks of Qumrân]
|
| 264 |
|
1 |
|c 1961
|
| 336 |
|
|
|a Text
|b txt
|2 rdacontent
|
| 337 |
|
|
|a Computermedien
|b c
|2 rdamedia
|
| 338 |
|
|
|a Online-Ressource
|b cr
|2 rdacarrier
|
| 655 |
|
7 |
|a Rezension
|0 (DE-588)4049712-4
|0 (DE-627)106186019
|0 (DE-576)209083166
|2 gnd-content
|
| 773 |
0 |
8 |
|i Enthalten in
|t The catholic biblical quarterly
|d Washington, DC : Catholic Biblical Association of America, 1939
|g 23(1961), 3, Seite 395-396
|h Online-Ressource
|w (DE-627)340876727
|w (DE-600)2066102-2
|w (DE-576)25241747X
|x 2163-2529
|7 nnas
|
| 773 |
1 |
8 |
|g volume:23
|g year:1961
|g number:3
|g pages:395-396
|
| 787 |
0 |
8 |
|i Rezension von
|a Sutcliffe, Edmund F., 1886 - 1963
|t The monks of Qumran
|d London : Burns and Oates, 1960
|h XVI, 272 S.
|w (DE-627)1149111038
|w (DE-576)079111033
|
| 856 |
4 |
0 |
|u https://www.jstor.org/stable/43711039
|x Verlag
|z lizenzpflichtig
|3 Volltext
|7 1
|
| 935 |
|
|
|a mteo
|a BIIN
|
| 951 |
|
|
|a AR
|
| BIB |
|
|
|a 1
|
| ELC |
|
|
|a 1
|
| ITA |
|
|
|a 1
|t 1
|
| LOK |
|
|
|0 000 xxxxxcx a22 zn 4500
|
| LOK |
|
|
|0 001 4174289018
|
| LOK |
|
|
|0 003 DE-627
|
| LOK |
|
|
|0 004 1812288506
|
| LOK |
|
|
|0 005 20220730053029
|
| LOK |
|
|
|0 008 220730||||||||||||||||ger|||||||
|
| LOK |
|
|
|0 035
|a (DE-Tue135)IxTheo#2022-07-07#0AA1F6D830C8EFC655417DE5D3A215F6B3A4D850
|
| LOK |
|
|
|0 040
|a DE-Tue135
|c DE-627
|d DE-Tue135
|
| LOK |
|
|
|0 092
|o n
|
| LOK |
|
|
|0 852
|a DE-Tue135
|
| LOK |
|
|
|0 852 1
|9 00
|
| LOK |
|
|
|0 935
|a ixzs
|a ixrk
|a zota
|
| LOK |
|
|
|0 939
|a 30-07-22
|b l01
|
| ORI |
|
|
|a SA-MARC-ixtheoa001.raw
|
| SUB |
|
|
|a BIB
|